000 00474nam a2200169Ia 4500
005 20250508153840.0
008 008 250505s9999 xx 000 0 eng d
037 _aBooks to be hide in OPAC
040 _aFEDL
_beng
_cFEDL
041 _aeng
_2eng
084 _a001, BRI
_qFEDL
245 0 _aAmerican council on education : Studies
245 0 _cAuditing of colleges and universities
300 _a74p.
942 _cHB
_h001, BRI
999 _c1345928
_d1345928